000 00444cam a22001337a 4500
008 180718b1993 xxu||||| |||| 00| 0 eng d
082 _aAPPPA 92-93 PRA
100 _aPrasad, R.S.
245 _aIndian building congress: perceptions on its role and constitution
_cby R.S. Prasad
260 _aNew Delhi
_bIndian Institute of Public Administration
_c1993
300 _a124p.
650 _aOrganisation
650 _aIndian building congress(I.B.C.)
999 _c501604
_d501604